[Event "Ponte de Lima op"]
[Site "Ponte de Lima"]
[Date "2024.04.15"]
[Round "8"]
[White "Mannion, Stephen R"]
[Black "Piasetski, Leon David"]
[Result "1/2-1/2"]
[WhiteElo "2159"]
[BlackElo "2159"]
[PlyCount "57"]
[EventDate "2024.04.09"]
[EventType "swiss"]
[EventRounds "9"]
[EventCountry "POR"]
[SourceTitle "CB17_2024"]
[SourceDate "2024.04.24"]
[SourceVersion "1"]
[SourceVersionDate "2024.04.24"]
[SourceQuality "1"]

1. e4 d6 2. d4 Nf6 3. Nc3 g6 4. f4 Bg7 5. Nf3 0-0 6. Bd3 Nc6 7. e5 dxe5 8. dxe5 Nh5 9. Be3 Nb4 10. Be4 Qxd1+ 11. Rxd1 c6 12. a3 Na6 13. 0-0 f6 14. Bd3 Bh6 15. g3 Bg4 16. exf6 exf6 17. Ne4 Nc7 18. Bc5 Rfb8 19. Rde1 Bg7 20. Bc4+ Be6 21. Bxe6+ Nxe6 22. Bf2 b6 23. c3 Nd8 24. Rd1 Nf7 25. Nd4 Re8 26. Rfe1 f5 27. Ng5 Nxg5 28. fxg5 Bxd4 29. Bxd4 1/2-1/2

[Event "Ponte de Lima op"]
[Site "Ponte de Lima"]
[Date "2024.04.11"]
[Round "4"]
[White "Mannion, Stephen R"]
[Black "Petrov, Nikita"]
[Result "0-1"]
[WhiteElo "2159"]
[BlackElo "2562"]
[PlyCount "104"]
[EventDate "2024.04.09"]
[EventType "swiss"]
[EventRounds "9"]
[EventCountry "POR"]
[SourceTitle "CB17_2024"]
[SourceDate "2024.04.24"]
[SourceVersion "1"]
[SourceVersionDate "2024.04.24"]
[SourceQuality "1"]

1. e4 c5 2. Nf3 Nc6 3. d4 cxd4 4. Nxd4 e6 5. Nc3 a6 6. a3 Qc7 7. Be3 Nxd4 8. Qxd4 b5 9. Qb6 Qxb6 10. Bxb6 Bb7 11. Bd3 Rc8 12. 0-0 h5 13. a4 b4 14. Ne2 Nf6 15. f3 h4 16. c3 d5 17. exd5 Nxd5 18. Bd4 h3 19. g3 Bc5 20. Rfc1 0-0 21. Bxc5 Rxc5 22. c4 Nf6 23. Nf4 Bxf3 24. Nxh3 Ng4 25. Nf2 Ne5 26. Bf1 Rd8 27. b3 Rd2 28. Re1 g5 29. Re3 g4 30. Nd3 Nxd3 31. Rxd3 Rb2 32. Re1 e5 33. h4 Kg7 34. Ree3 e4 35. Rd5 Rc6 36. c5 Rc2 37. Rg5+ Kf6 38. Rd5 Kg7 39. Rg5+ Kf8 40. Rf5 f6 41. Rd5 a5 42. Bc4 Rg2+ 43. Kf1 Rxg3 44. Bb5 Rc7 45. c6 Rh3 46. Rd8+ Ke7 47. Rg8 g3 48. Ke1 f5 49. Bf1 g2 50. Bb5 f4 51. Rxf3 exf3 52. Kf2 Rg3 0-1

[Event "Ponte de Lima op"]
[Site "Ponte de Lima"]
[Date "2024.04.10"]
[Round "3"]
[White "Castelo, Miguel"]
[Black "Mannion, Stephen R"]
[Result "0-1"]
[WhiteElo "1601"]
[BlackElo "2159"]
[PlyCount "42"]
[EventDate "2024.04.09"]
[EventType "swiss"]
[EventRounds "9"]
[EventCountry "POR"]
[SourceTitle "CB17_2024"]
[SourceDate "2024.04.24"]
[SourceVersion "1"]
[SourceVersionDate "2024.04.24"]
[SourceQuality "1"]

1. d4 Nf6 2. Nf3 d5 3. c4 e6 4. g3 dxc4 5. Bg2 c6 6. 0-0 b5 7. a4 Bb7 8. Qc2 Be7 9. Rd1 0-0 10. Ne5 a6 11. e4 Nbd7 12. Nf3 Rc8 13. Nc3 b4 14. Ne2 c5 15. e5 Be4 16. Qxc4 cxd4 17. Qxd4 Bc5 18. Qd2 Bxf3 19. Bxf3 Nxe5 20. Bb7 Qb6 21. Bg2 Bxf2+ 0-1

[Event "Ponte de Lima op"]
[Site "Ponte de Lima"]
[Date "2024.04.10"]
[Round "2"]
[White "Mannion, Stephen R"]
[Black "Larkin, Vladislav"]
[Result "0-1"]
[WhiteElo "2159"]
[BlackElo "2446"]
[PlyCount "152"]
[EventDate "2024.04.09"]
[EventType "swiss"]
[EventRounds "9"]
[EventCountry "POR"]
[SourceTitle "CB17_2024"]
[SourceDate "2024.04.24"]
[SourceVersion "1"]
[SourceVersionDate "2024.04.24"]
[SourceQuality "1"]

1. e4 c5 2. Nf3 e6 3. d4 cxd4 4. Nxd4 a6 5. Bd3 g6 6. Be3 Bg7 7. 0-0 Nf6 8. c4 d6 9. Nc3 Nbd7 10. Be2 0-0 11. Qd2 Qc7 12. Rac1 b6 13. Rfd1 Bb7 14. f3 Rfd8 15. Kh1 Rac8 16. Bf1 Qb8 17. Bg5 Re8 18. Nb3 Bf8 19. Qd4 Nh5 20. g4 h6 21. gxh5 hxg5 22. hxg6 f6 23. Bh3 Ne5 24. Nd2 Bc6 25. Rf1 Bg7 26. Qe3 Bh6 27. Ne2 Kg7 28. Qd4 Nxg6 29. Bg4 Re7 30. Rg1 Ne5 31. Ng3 Kh7 32. Nh5 Rf8 33. Bh3 f5 34. Ng3 g4 35. fxg4 fxe4 36. Ndxe4 Nf3 37. Qd3 Nxg1 38. Rxg1 Kh8 39. Bg2 Bf4 40. Nh5 Be5 41. Qh3 Rh7 42. Ng5 Bxg2+ 43. Qxg2 Rh6 44. Re1 Kg8 45. Nf3 Bh8 46. Ng5 Qc8 47. b3 Rg6 48. h4 Be5 49. Qe4 Qa8 50. Qxa8 Rxa8 51. Kg2 Kf8 52. Rf1+ Ke8 53. Kh3 b5 54. Nf7 bxc4 55. bxc4 Rc8 56. Nxe5 dxe5 57. Rc1 Ke7 58. g5 Rgg8 59. Nf6 Rgd8 60. h5 Rd4 61. c5 Rcd8 62. c6 Rd3+ 63. Kg2 Rd2+ 64. Kf3 R8d3+ 65. Ke4 Rg3 66. Kxe5 Rxg5+ 67. Kf4 Rf5+ 68. Ke3 Rd8 69. Ne4 Rxh5 70. Rb1 Rh3+ 71. Ke2 Rd5 72. Rb7+ Kd8 73. Nf6 Rc5 74. Rd7+ Kc8 75. Rd6 Rc2+ 76. Kd1 Rxa2 0-1

[Event "Menorca op 3rd"]
[Site "Ciutadella de Menorca"]
[Date "2024.04.02"]
[Round "1"]
[White "Nasuta, Grzegorz"]
[Black "Mannion, Stephen R"]
[Result "1-0"]
[WhiteElo "2552"]
[BlackElo "2159"]
[PlyCount "79"]
[EventDate "2024.04.02"]
[EventType "swiss"]
[EventRounds "9"]
[EventCountry "ESP"]
[SourceTitle "CB15_2024"]
[SourceDate "2024.04.10"]
[SourceVersion "1"]
[SourceVersionDate "2024.04.10"]
[SourceQuality "1"]

1. e4 e5 2. Nf3 Nc6 3. Bc4 Bc5 4. d3 Nf6 5. 0-0 d6 6. c3 0-0 7. h3 h6 8. Re1 a5 9. Nbd2 Be6 10. Bb5 Qb8 11. Bxc6 bxc6 12. d4 exd4 13. cxd4 Bb6 14. Qc2 Qa7 15. b3 a4 16. Bb2 a3 17. Bc3 Rfe8 18. Rac1 Nh5 19. Nf1 d5 20. e5 g6 21. Qd2 Kh7 22. Qe3 f5 23. exf6 Nxf6 24. Bd2 Ng8 25. Qf4 g5 26. Nxg5+ hxg5 27. Qxg5 Bxd4 28. Qh4+ Kg6 29. Be3 Bxe3 30. Rxe3 Nf6 31. Rg3+ Kf7 32. Rf3 Ke7 33. Rxf6 Kd7 34. Nd2 Rh8 35. Qf4 Rag8 36. Nf3 Bxh3 37. Ng5 Bxg2 38. Qf5+ Kd8 39. Nf7+ Ke8 40. Qe6+ 1-0

[Event "Reykjavik op"]
[Site "Reykjavik"]
[Date "2024.03.21"]
[Round "9"]
[White "Heppert, Lars"]
[Black "Mannion, Stephen R"]
[Result "1/2-1/2"]
[WhiteElo "1981"]
[BlackElo "2166"]
[PlyCount "42"]
[EventDate "2024.03.15"]
[EventType "swiss"]
[EventRounds "9"]
[EventCountry "ISL"]
[SourceTitle "CB13_2024"]
[SourceDate "2024.03.27"]
[SourceVersion "1"]
[SourceVersionDate "2024.03.27"]
[SourceQuality "1"]

1. Nf3 d5 2. e3 Nf6 3. c4 e6 4. Nc3 Be7 5. b3 0-0 6. Bb2 c5 7. cxd5 exd5 8. d4 Nc6 9. Be2 Ne4 10. 0-0 Bf6 11. Rc1 cxd4 12. Nxe4 dxe4 13. Nxd4 Nxd4 14. Bxd4 Bxd4 15. Qxd4 Qxd4 16. exd4 Rd8 17. Rfd1 Be6 18. f3 Bd5 19. Rc7 Rac8 20. Rdc1 Rxc7 21. Rxc7 g6 1/2-1/2

[Event "Benidorm op-A"]
[Site "Benidorm"]
[Date "2023.10.30"]
[Round "2"]
[White "Mannion, Stephen R"]
[Black "Fernandez Vazquez, Jorge"]
[Result "1/2-1/2"]
[WhiteElo "2179"]
[BlackElo "1970"]
[PlyCount "72"]
[EventDate "2023.10.29"]
[EventType "swiss"]
[EventRounds "9"]
[EventCountry "ESP"]
[SourceTitle "Mega2024 Update 01"]
[Source "Chessbase"]
[SourceDate "2023.11.12"]
[SourceVersion "1"]
[SourceVersionDate "2023.11.12"]
[SourceQuality "1"]

1. e4 c6 2. d4 d5 3. e5 c5 4. Nf3 cxd4 5. Nxd4 Nc6 6. Nxc6 bxc6 7. Bd3 e6 8. 0-0 Ne7 9. Be3 Ng6 10. f4 Be7 11. Nd2 0-0 12. Nf3 a5 13. Qe2 c5 14. c3 Qb6 15. g4 Nxf4 16. Bxh7+ Kxh7 17. Bxf4 Ba6 18. Qc2+ Kg8 19. Rf2 d4 20. c4 Rad8 21. Qd3 Bb7 22. Bg5 Qc7 23. Re1 Rb8 24. h3 Bxf3 25. Bxe7 Qxe7 26. Qxf3 Rb4 27. b3 a4 28. Ref1 axb3 29. axb3 Qc7 30. Qg3 f6 31. g5 f5 32. g6 Qe7 33. Ra1 Rfb8 34. Rf3 R4b7 35. Ra6 Rb6 36. Ra5 Rc8 1/2-1/2

[Event "Ostrava Konik op-A"]
[Site "Ostrava"]
[Date "2023.05.09"]
[Round "4"]
[White "Jarmula, Lukasz"]
[Black "Mannion, Stephen R"]
[Result "1-0"]
[WhiteElo "2439"]
[BlackElo "2189"]
[PlyCount "55"]
[EventDate "2023.05.06"]
[EventType "swiss"]
[EventRounds "9"]
[EventCountry "CZE"]
[SourceTitle "CBM 214 Extra"]
[Source "ChessBase"]
[SourceDate "2023.07.31"]
[SourceVersion "1"]
[SourceVersionDate "2023.07.31"]
[SourceQuality "1"]

1. b3 d5 2. Bb2 Bf5 3. g3 e6 4. Bg2 Nf6 5. d3 Be7 6. Nd2 h6 7. e4 Bh7 8. Nh3 0-0 9. 0-0 c6 10. Nf4 Nbd7 11. e5 Ne8 12. h4 a5 13. a4 Nc7 14. Qh5 Qe8 15. Qe2 Na6 16. Nf3 Nac5 17. Nd4 Qb8 18. Rae1 Re8 19. Nh5 Kh8 20. f4 f5 21. g4 Bxh4 22. gxf5 exf5 23. Nxg7 Kxg7 24. Qh5 Ne6 25. Qxh4 Qa7 26. Qf2 Ndf8 27. Bh3 Nxd4 28. Bxd4 1-0

[Event "Menorca op 2nd"]
[Site "Ciutadella de Menorca"]
[Date "2023.04.11"]
[Round "1"]
[White "Gukesh, Dommaraju"]
[Black "Mannion, Stephen R"]
[Result "1-0"]
[WhiteElo "2730"]
[BlackElo "2190"]
[PlyCount "95"]
[EventDate "2023.04.11"]
[EventType "swiss"]
[EventRounds "9"]
[EventCountry "ESP"]
[SourceTitle "CBM 213 Extra"]
[Source "ChessBase"]
[SourceDate "2023.05.31"]
[SourceVersion "1"]
[SourceVersionDate "2023.05.31"]
[SourceQuality "1"]

1. Nf3 d5 2. e3 Nf6 3. c4 e6 4. Nc3 c5 5. d4 dxc4 6. Bxc4 a6 7. Bb3 Nc6 8. 0-0 cxd4 9. exd4 Be7 10. Re1 0-0 11. Bf4 Na5 12. Bc2 b5 13. d5 exd5 14. Qd3 Nc6 15. Bc7 Qd7 16. Ne5 Nxe5 17. Bxe5 g6 18. Bd4 Bb7 19. Qf3 Ne4 20. Nxe4 dxe4 21. Bxe4 Bxe4 22. Rxe4 Rac8 23. Rae1 Bc5 24. Be5 f5 25. R4e2 Rfe8 26. h4 Bf8 27. h5 Rc4 28. Re3 Bg7 29. Rd1 Qf7 30. b3 Rc2 31. Bxg7 Kxg7 32. Qf4 Rcc8 33. Red3 Re7 34. Rd6 Rce8 35. Rxa6 Re1+ 36. Rxe1 Rxe1+ 37. Kh2 Qd7 38. f3 Re6 39. h6+ Kf7 40. Ra8 Re8 41. Rxe8 Qxe8 42. a4 bxa4 43. bxa4 Qe1 44. Qc7+ Kf6 45. Qd8+ Kf7 46. a5 Qe5+ 47. Kh3 f4 48. Qd7+ 1-0

[Event "Reykjavik op"]
[Site "Reykjavik"]
[Date "2023.04.04"]
[Round "9"]
[White "Thorhallsson, Throstur"]
[Black "Mannion, Stephen R"]
[Result "1/2-1/2"]
[WhiteElo "2392"]
[BlackElo "2190"]
[PlyCount "75"]
[EventDate "2023.03.29"]
[EventType "swiss"]
[EventRounds "9"]
[EventCountry "ISL"]
[SourceTitle "CBM 213 Extra"]
[Source "ChessBase"]
[SourceDate "2023.05.31"]
[SourceVersion "1"]
[SourceVersionDate "2023.05.31"]
[SourceQuality "1"]

1. d4 d5 2. c4 dxc4 3. Nf3 Nf6 4. e3 e6 5. Bxc4 c5 6. 0-0 a6 7. Qe2 b5 8. Bd3 Nbd7 9. a4 c4 10. Bc2 Bb7 11. e4 Be7 12. Bg5 0-0 13. Nbd2 h6 14. Bh4 Nh5 15. Bxe7 Qxe7 16. axb5 axb5 17. b3 cxb3 18. Nxb3 Qb4 19. Rab1 Nf4 20. Qe3 Qc3 21. Qxf4 Qxc2 22. Nbd2 Rfc8 23. Rfe1 Qa4 24. Rb3 Nf6 25. h3 Rc2 26. Reb1 Bc6 27. Qe3 Qa2 28. d5 exd5 29. e5 Ne4 30. Nxe4 dxe4 31. Nd4 Rc4 32. Nf5 Bd7 33. Nd6 Rca4 34. Nxe4 Ra3 35. Nc5 Qxb1+ 36. Rxb1 Rxe3 37. fxe3 Bc6 38. Rb2 1/2-1/2

[Event "Marianske Lazne IM-B2 21st"]
[Site "Marianske Lazne"]
[Date "2023.01.17"]
[Round "4"]
[White "Besou, Hussain"]
[Black "Mannion, Stephen R"]
[Result "1-0"]
[WhiteElo "2288"]
[BlackElo "2224"]
[PlyCount "177"]
[EventDate "2023.01.14"]
[EventType "tourn"]
[EventRounds "9"]
[EventCountry "CZE"]
[SourceTitle "CBM 212 Extra"]
[Source "ChessBase"]
[SourceDate "2023.03.31"]
[SourceVersion "1"]
[SourceVersionDate "2023.03.31"]
[SourceQuality "1"]

1. e4 e5 2. Nf3 Nf6 3. Nxe5 d6 4. Nf3 Nxe4 5. Nc3 Nxc3 6. dxc3 Be7 7. Be3 0-0 8. Qd2 Nd7 9. 0-0-0 Nf6 10. Bd3 c5 11. Kb1 Qa5 12. c4 Qxd2 13. Rxd2 h6 14. Re1 Be6 15. Nh4 Ng4 16. Nf5 Bxf5 17. Bxf5 Nxe3 18. fxe3 Rad8 19. Be4 Bf6 20. c3 b6 21. Kc2 Rfe8 22. Bd5 Re7 23. Rf2 Be5 24. Ref1 Rf8 25. g4 g6 26. a4 a5 27. Kd3 Kg7 28. h4 Bg3 29. Rf6 Rd7 30. h5 Be5 31. R6f2 g5 32. Rf5 Re7 33. Ra1 Rfe8 34. Ra3 Bf6 35. Rf3 Ra7 36. Rb3 Bd8 37. Rb5 Ree7 38. Rf1 Bc7 39. Ra1 Bd8 40. b4 axb4 41. cxb4 cxb4 42. Rxb4 Ra5 43. Rf1 Rea7 44. Kc2 Re7 45. e4 Rea7 46. Kb3 R5a6 47. Kc2 Ra5 48. Kb3 R5a6 49. Bc6 Re7 50. Kc2 Ra5 51. Kd3 Rc5 52. Bd5 Ra7 53. Rb5 Rxb5 54. cxb5 Bf6 55. Rc1 Rxa4 56. Rc7 Ra3+ 57. Ke2 Bd4 58. Rxf7+ Kh8 59. Rf8+ Kg7 60. Rg8+ Kh7 61. Rg6 Bc5 62. Bg8+ Kh8 63. Be6 Re3+ 64. Kd2 Rxe4 65. Rxh6+ Kg7 66. Rg6+ Kh8 67. Bf5 Re8 68. Kd3 d5 69. Rxg5 Re3+ 70. Kd2 d4 71. Bd3 Rg3 72. Rg6 Rg2+ 73. Be2 Rg3 74. Rf6 Bb4+ 75. Kc2 Rc3+ 76. Kb2 Ba3+ 77. Ka2 Bc5 78. Bd1 d3 79. Rf3 Bd4 80. g5 d2 81. Rf8+ Kg7 82. Rd8 Be3 83. Kb2 Rc1 84. h6+ Kg6 85. Bh5+ Kxh5 86. h7 Bd4+ 87. Rxd4 Rc8 88. Rxd2 Kxg5 89. Rg2+ 1-0

[Event "Sitges Sunway op 9th"]
[Site "Sitges"]
[Date "2022.12.16"]
[Round "5"]
[White "Mannion, Stephen R"]
[Black "Oliver Amengual, Adria"]
[Result "1/2-1/2"]
[WhiteElo "2233"]
[BlackElo "1856"]
[PlyCount "67"]
[EventDate "2022.12.12"]
[EventType "swiss"]
[EventRounds "10"]
[EventCountry "ESP"]
[SourceTitle "CBM 211 Extra"]
[Source "ChessBase"]
[SourceDate "2023.01.31"]
[SourceVersion "1"]
[SourceVersionDate "2023.01.31"]
[SourceQuality "1"]

1. e4 e5 2. Nf3 Nc6 3. Bb5 a6 4. Ba4 Nf6 5. 0-0 Be7 6. Re1 b5 7. Bb3 d6 8. c3 0-0 9. d4 Bg4 10. Be3 exd4 11. cxd4 Na5 12. Bc2 c5 13. h3 Bh5 14. g3 Bg6 15. Nbd2 Nd7 16. Rc1 Rc8 17. b3 Nc6 18. d5 Nb4 19. Bb1 Qa5 20. Re2 Bf6 21. Nf1 Qa3 22. Qd2 c4 23. Bf4 c3 24. Qd1 c2 25. Rexc2 Nxc2 26. Rxc2 Rfe8 27. N1d2 Rxc2 28. Qxc2 Qc5 29. Qd1 Ne5 30. Nxe5 Bxe5 31. Be3 Qc3 32. Qe2 Qa1 33. f3 Rc8 34. Kf2 1/2-1/2

[Event "Sitges Sunway op 9th"]
[Site "Sitges"]
[Date "2022.12.15"]
[Round "4"]
[White "Dionisi, Thomas"]
[Black "Mannion, Stephen R"]
[Result "1-0"]
[WhiteElo "2390"]
[BlackElo "2233"]
[PlyCount "69"]
[EventDate "2022.12.12"]
[EventType "swiss"]
[EventRounds "10"]
[EventCountry "ESP"]
[SourceTitle "CBM 211 Extra"]
[Source "ChessBase"]
[SourceDate "2023.01.31"]
[SourceVersion "1"]
[SourceVersionDate "2023.01.31"]
[SourceQuality "1"]

1. e4 e5 2. Nf3 Nf6 3. d4 Nxe4 4. Bd3 d5 5. Nxe5 Nd7 6. Nc3 Nxc3 7. bxc3 Nxe5 8. dxe5 Be7 9. 0-0 0-0 10. Be3 c5 11. f4 c4 12. Bxh7+ Kxh7 13. Qh5+ Kg8 14. f5 Qe8 15. Qf3 Qc6 16. f6 Bxf6 17. exf6 Qxf6 18. Qxf6 gxf6 19. Rxf6 Bd7 20. Raf1 Ba4 21. R1f3 Bxc2 22. Bd4 Bg6 23. h4 Kh7 24. Kf2 b6 25. h5 Be4 26. Rxf7+ Kg8 27. Rg7+ Kh8 28. Rxa7+ Kg8 29. Rg7+ Kh8 30. Rgf7+ Kg8 31. Rxf8+ Rxf8 32. Rxf8+ Kxf8 33. Bxb6 Bb1 34. a4 Bc2 35. a5 1-0

[Event "Sitges Sunway op 9th"]
[Site "Sitges"]
[Date "2022.12.14"]
[Round "3"]
[White "Mannion, Stephen R"]
[Black "Aadith, R."]
[Result "1-0"]
[WhiteElo "2233"]
[BlackElo "1714"]
[PlyCount "59"]
[EventDate "2022.12.12"]
[EventType "swiss"]
[EventRounds "10"]
[EventCountry "ESP"]
[SourceTitle "CBM 211 Extra"]
[Source "ChessBase"]
[SourceDate "2023.01.31"]
[SourceVersion "1"]
[SourceVersionDate "2023.01.31"]
[SourceQuality "1"]

1. e4 c5 2. Nf3 Nc6 3. d4 cxd4 4. Nxd4 Nf6 5. Nc3 e6 6. Ndb5 d6 7. Bf4 e5 8. Bg5 a6 9. Na3 b5 10. Bxf6 gxf6 11. Nd5 Bg7 12. Bd3 0-0 13. 0-0 Ne7 14. Nxe7+ Qxe7 15. c4 bxc4 16. Nxc4 Rb8 17. Qe2 Kh8 18. Rad1 Be6 19. b3 Bh6 20. Ne3 a5 21. Nd5 Bxd5 22. exd5 Rg8 23. Qh5 Qf8 24. Rfe1 Qg7 25. g3 Rb4 26. Re4 Qg6 27. Rxe5 Qg4 28. Qxh6 Qxd1+ 29. Kg2 dxe5 30. Qxh7# 1-0

[Event "Sitges Sunway op 9th"]
[Site "Sitges"]
[Date "2022.12.13"]
[Round "2"]
[White "Krastev, Alexander"]
[Black "Mannion, Stephen R"]
[Result "1-0"]
[WhiteElo "2416"]
[BlackElo "2233"]
[PlyCount "109"]
[EventDate "2022.12.12"]
[EventType "swiss"]
[EventRounds "10"]
[EventCountry "ESP"]
[SourceTitle "CBM 211 Extra"]
[Source "ChessBase"]
[SourceDate "2023.01.31"]
[SourceVersion "1"]
[SourceVersionDate "2023.01.31"]
[SourceQuality "1"]

1. Nf3 d5 2. g3 Nc6 3. d4 Bf5 4. Bg2 e6 5. 0-0 Nb4 6. Na3 Be7 7. c3 Nc6 8. c4 Bxa3 9. bxa3 h6 10. Qb3 Rb8 11. cxd5 exd5 12. Ne5 Nge7 13. Nxc6 bxc6 14. Qa4 0-0 15. Qxa7 Qd7 16. Bd2 Ra8 17. Qc5 Rfb8 18. Bb4 Ng6 19. Rac1 Rb6 20. Qc3 Nf8 21. Rfe1 Ne6 22. f3 Bg6 23. Qd2 f5 24. Rc3 Ng5 25. Rec1 Nf7 26. Qc2 Raa6 27. e3 Nd6 28. Bf1 Nc4 29. Rxc4 dxc4 30. Bxc4+ Kh7 31. Bxa6 Rxa6 32. Qc5 Qe6 33. Qe5 Qxe5 34. dxe5 Bf7 35. Kf2 Bd5 36. h3 Kg8 37. g4 g6 38. gxf5 gxf5 39. Kg3 Bxa2 40. Rd1 Bd5 41. Kf4 Ra8 42. Kxf5 Kf7 43. e4 Be6+ 44. Kf4 Rg8 45. h4 Rg2 46. Ra1 Rc2 47. Ba5 c5 48. Bxc7 c4 49. Ba5 Rh2 50. Be1 Rh1 51. a4 Bc8 52. a5 Ba6 53. Kg3 Rg1+ 54. Kf2 Rg8 55. Rb1 1-0

[Event "Benidorm op-A"]
[Site "Benidorm"]
[Date "2022.12.08"]
[Round "6"]
[White "Mannion, Stephen R"]
[Black "Christiansen, Johan Sebastian"]
[Result "0-1"]
[WhiteElo "2229"]
[BlackElo "2578"]
[PlyCount "66"]
[EventDate "2022.12.03"]
[EventType "swiss"]
[EventRounds "9"]
[EventCountry "ESP"]
[SourceTitle "CBM 211 Extra"]
[Source "ChessBase"]
[SourceDate "2023.01.31"]
[SourceVersion "1"]
[SourceVersionDate "2023.01.31"]
[SourceQuality "1"]

1. e4 e5 2. Nf3 Nc6 3. Bb5 a6 4. Ba4 d6 5. 0-0 Bd7 6. c3 Nge7 7. d4 Ng6 8. Re1 Be7 9. Nbd2 0-0 10. Bc2 exd4 11. cxd4 Bf6 12. d5 Nb4 13. Bb1 a5 14. Nf1 Re8 15. a3 Na6 16. Ng3 Nc5 17. Bc2 b5 18. Rb1 b4 19. Nd4 Rb8 20. Be3 Ne5 21. axb4 Rxb4 22. b3 Ng4 23. Nc6 Nxe3 24. Rxe3 Bxc6 25. dxc6 g6 26. Qg4 Bg7 27. Rbe1 Ne6 28. Qd1 Nd4 29. Ne2 Nxc6 30. Qd5 Qd7 31. Rd1 Re5 32. Qd3 Rc5 33. Rh3 Ne5 0-1

[Event "Brno IM 11th"]
[Site "Brno"]
[Date "2022.11.18"]
[Round "8"]
[White "Mannion, Stephen R"]
[Black "Wiley, Tom E"]
[Result "1/2-1/2"]
[WhiteElo "2227"]
[BlackElo "2116"]
[PlyCount "23"]
[EventDate "2022.11.12"]
[EventType "tourn"]
[EventRounds "9"]
[EventCountry "CZE"]
[EventCategory "2"]
[SourceTitle "CBM 211 Extra"]
[Source "ChessBase"]
[SourceDate "2023.01.31"]
[SourceVersion "1"]
[SourceVersionDate "2023.01.31"]
[SourceQuality "1"]

1. e4 e6 2. d4 d5 3. Nd2 Nc6 4. Ngf3 Nf6 5. e5 Nd7 6. Nb3 a5 7. a4 b6 8. c3 Ncb8 9. h4 Ba6 10. Bxa6 Nxa6 11. h5 h6 12. Nh4 1/2-1/2

[Event "Brno IM 11th"]
[Site "Brno"]
[Date "2022.11.17"]
[Round "7"]
[White "Finek, Vaclav"]
[Black "Mannion, Stephen R"]
[Result "1/2-1/2"]
[WhiteElo "2404"]
[BlackElo "2227"]
[PlyCount "89"]
[EventDate "2022.11.12"]
[EventType "tourn"]
[EventRounds "9"]
[EventCountry "CZE"]
[EventCategory "2"]
[SourceTitle "CBM 211 Extra"]
[Source "ChessBase"]
[SourceDate "2023.01.31"]
[SourceVersion "1"]
[SourceVersionDate "2023.01.31"]
[SourceQuality "1"]

1. d4 d5 2. Nf3 Nf6 3. c4 dxc4 4. e3 e6 5. Bxc4 c5 6. 0-0 a6 7. b3 Nbd7 8. Bb2 Be7 9. Nbd2 b6 10. Rc1 Bb7 11. Qe2 0-0 12. Bd3 cxd4 13. Nxd4 Nc5 14. Bb1 b5 15. N2f3 Rc8 16. Rfd1 Qb6 17. Ne5 Rfd8 18. h3 Bf8 19. Ndf3 Rxd1+ 20. Rxd1 h6 21. Ng4 Nxg4 22. hxg4 Rd8 23. Bd4 Qd6 24. Rc1 Ne4 25. Ne5 Nf6 26. f4 Be4 27. g5 Bxb1 28. gxf6 Be4 29. fxg7 Bxg7 30. Qg4 f6 31. Nf3 Kh7 32. Nh4 Rg8 33. f5 Bxf5 34. Nxf5 exf5 35. Qxf5+ Kh8 36. Kf2 Rd8 37. Rc8 Rxc8 38. Qxc8+ Kh7 39. a4 bxa4 40. bxa4 Kg6 41. Qe8+ Kh7 42. Qe4+ Kg8 43. a5 Kf7 44. Qb7+ Kg6 45. Qc8 1/2-1/2

[Event "Brno IM 11th"]
[Site "Brno"]
[Date "2022.11.17"]
[Round "6"]
[White "Mannion, Stephen R"]
[Black "Meszaros, Andras"]
[Result "1/2-1/2"]
[WhiteElo "2227"]
[BlackElo "2161"]
[PlyCount "39"]
[EventDate "2022.11.12"]
[EventType "tourn"]
[EventRounds "9"]
[EventCountry "CZE"]
[EventCategory "2"]
[SourceTitle "CBM 211 Extra"]
[Source "ChessBase"]
[SourceDate "2023.01.31"]
[SourceVersion "1"]
[SourceVersionDate "2023.01.31"]
[SourceQuality "1"]

1. e4 e5 2. Nf3 Nc6 3. Bb5 a6 4. Ba4 Nf6 5. 0-0 Be7 6. Re1 b5 7. Bb3 0-0 8. d4 d6 9. c3 Bg4 10. Be3 Na5 11. dxe5 Bxf3 12. Qxf3 dxe5 13. Bc2 Nc4 14. Bc1 Qd7 15. h3 b4 16. b3 Nb6 17. Nd2 Rfe8 18. Nf1 Qe6 19. Ng3 g6 20. Be3 1/2-1/2

[Event "Brno IM 11th"]
[Site "Brno"]
[Date "2022.11.12"]
[Round "1"]
[White "Mannion, Stephen R"]
[Black "Hoefelsauer, Thomas"]
[Result "1-0"]
[WhiteElo "2227"]
[BlackElo "2349"]
[PlyCount "85"]
[EventDate "2022.11.12"]
[EventType "tourn"]
[EventRounds "9"]
[EventCountry "CZE"]
[EventCategory "2"]
[SourceTitle "CBM 211 Extra"]
[Source "ChessBase"]
[SourceDate "2023.01.31"]
[SourceVersion "1"]
[SourceVersionDate "2023.01.31"]
[SourceQuality "1"]

1. e4 c6 2. d4 d5 3. e5 c5 4. dxc5 e6 5. a3 Bxc5 6. Qg4 Ne7 7. Nf3 0-0 8. Bd3 f5 9. exf6 Rxf6 10. Qh5 h6 11. 0-0 Bd6 12. Bd2 Nbc6 13. Bc3 e5 14. Nxe5 Nxe5 15. Bxe5 g6 16. Qe2 Re6 17. f4 Nc6 18. Nc3 Nxe5 19. fxe5 Rxe5 20. Qf3 Bf5 21. Bxf5 Rxf5 22. Qg4 Qg5 23. Qxg5 Rxg5 24. Rad1 Rd8 25. Kh1 Re5 26. Nxd5 Kg7 27. Nc3 Be7 28. Rxd8 Bxd8 29. g3 Ba5 30. b4 Bb6 31. Rd1 Re7 32. Nd5 Rd7 33. c4 Bd8 34. Kg2 Be7 35. Kf3 a5 36. Ke2 axb4 37. axb4 Bg5 38. c5 Rf7 39. b5 h5 40. c6 bxc6 41. bxc6 Bd8 42. Rc1 Bc7 43. Rf1 1-0